00561nam a22001337a 4500003000500000038001800005082000800023100002000031245019800051264003300249650003800282700005000320856005700370NUST aNusrat Nadeem a200 aArshad, Zunaira aImpact of Connectedness to Nature on Voluntary Pro-Environmental Behavior: Mediating Role of Employee Mindfulness and Moderating Role of Perceived Environmental Effectiveness/cZunaira Arshad,  aIslamabad:bNBS NUST.c2025. aMS-Management and Human Resource  aSupervisor: Dr. Yasmine Muhammad Javaid Iqbal uhttp://10.250.8.41:8080/xmlui/handle/123456789/55583